[Event "4NCL Division 1 & 2"]
[Site "Milton Keynes, ENG"]
[Date "2021.11.28"]
[Round "2.73"]
[White "Punnett, Alan K"]
[Black "Claridge-Hansen, William"]
[Result "1/2-1/2"]
[WhiteElo "2022"]
[BlackElo "2292"]
[PlyCount "124"]
[EventDate "2021.11.28"]
[WhiteTeam "Guildford Castles"]
[BlackTeam "Oxford 1"]

1. e4 c5 2. Nf3 g6 3. c4 Bg7 4. d4 cxd4 5. Nxd4 Nc6 6. Nc2 d6 7. Be2 Nf6 8. Nc3
Nd7 9. O-O O-O 10. Be3 Bxc3 11. bxc3 Qa5 12. Nb4 Nxb4 13. cxb4 Qxb4 14. Bd4 b6
15. Qc2 Ba6 16. Rab1 Qa5 17. h4 Rac8 18. Rb3 Qa4 19. Rc1 Nc5 20. h5 Bb7 21.
hxg6 fxg6 22. Bg4 Bxe4 23. Qd2 Bf5 24. Qh6 e5 25. Rh3 Qd7 26. Bxf5 Rxf5 27. Be3
Ne6 28. Rd1 Rf7 29. Rh4 Qe7 30. a4 Rc6 31. a5 Qf8 32. Qxf8+ Kxf8 33. axb6 axb6
34. Ra1 Kg7 35. Ra6 Rb7 36. Kf1 g5 37. Re4 Kf6 38. Ke2 Nc7 39. Ra1 b5 40. cxb5
Nxb5 41. Rg4 Nc3+ 42. Kd3 Rb2 43. Rc1 d5 44. Rxc3 e4+ 45. Kd4 Rb4+ 46. Kxd5
Rxc3 47. Bd4+ Rxd4+ 48. Kxd4 Rc2 49. Ke3 Rc3+ 50. Kxe4 h5 51. Rg3 Rxg3 52. fxg3
Ke6 53. Ke3 Ke5 54. Kf3 Kd4 55. Ke2 Ke4 56. Kf2 Kd3 57. Kf3 Kd4 58. Ke2 Ke5 59.
Kf3 Kf6 60. Ke4 Ke6 61. Kf3 Kd5 62. Ke3 Ke5 1/2-1/2

[Event "4NCL Division 1 & 2"]
[Site "Milton Keynes, ENG"]
[Date "2021.11.28"]
[Round "2.74"]
[White "Healey, Michael W"]
[Black "Galer, Sebastian E"]
[Result "1-0"]
[WhiteElo "2267"]
[BlackElo "2118"]
[PlyCount "117"]
[EventDate "2021.11.28"]
[WhiteTeam "Oxford 1"]
[BlackTeam "Guildford Castles"]

1. e4 e5 2. Nf3 Nc6 3. Bb5 a6 4. Ba4 Nf6 5. d3 d6 6. c4 Be7 7. Nc3 O-O 8. Bxc6
bxc6 9. d4 exd4 10. Nxd4 Bd7 11. O-O c5 12. Nde2 Be6 13. b3 a5 14. Nf4 Nd7 15.
Ncd5 c6 16. Nxe7+ Qxe7 17. Bb2 a4 18. Re1 Ne5 19. Re3 Bg4 20. Qd2 axb3 21. axb3
Rxa1+ 22. Bxa1 Ra8 23. Bc3 f6 24. h3 Be6 25. Rg3 Bf7 26. Kh2 h5 27. Ne2 h4 28.
Re3 Rb8 29. f4 Ng6 30. Bb2 Re8 31. Bc1 Qc7 32. Kg1 d5 33. exd5 Rxe3 34. d6 Qd7
35. Qxe3 Qxd6 36. Ba3 Kh7 37. Bxc5 Qd1+ 38. Kh2 Qc2 39. Nd4 Qd1 40. Bd6 Be8 41.
f5 Nh8 42. Bc5 Qh5 43. b4 Bd7 44. Qe7 Bxf5 45. Nxc6 Qg5 46. Qe3 Qxe3 47. Bxe3
Nf7 48. Bf4 g5 49. Bc7 Bd3 50. Na5 Ne5 51. Bxe5 fxe5 52. Kg1 Kg6 53. b5 Kf5 54.
b6 Be4 55. b7 Bxb7 56. Nxb7 Ke4 57. Nd6+ Kd4 58. Kf2 Kc5 59. Ne4+ 1-0

[Event "4NCL Division 1 & 2"]
[Site "Milton Keynes, ENG"]
[Date "2021.11.28"]
[Round "2.75"]
[White "Shepley, Julien M"]
[Black "Nataraj, Nakul"]
[Result "1/2-1/2"]
[WhiteElo "1971"]
[BlackElo "2133"]
[PlyCount "50"]
[EventDate "2021.11.28"]
[WhiteTeam "Guildford Castles"]
[BlackTeam "Oxford 1"]

1. e4 e6 2. d4 d5 3. Nd2 Nf6 4. e5 Nfd7 5. Bd3 c5 6. c3 Nc6 7. Ne2 Qb6 8. Nf3
cxd4 9. cxd4 f6 10. exf6 Nxf6 11. O-O Bd6 12. Nc3 O-O 13. Re1 Bd7 14. Rb1 a6
15. Bg5 h6 16. Bh4 Qc7 17. Bg6 b5 18. Qd3 b4 19. Ne2 Ne7 20. Rbc1 Qb8 21. Bg3
Bxg3 22. Nxg3 Nxg6 23. Qxg6 Qb6 24. Nh5 Nxh5 25. Qxh5 Rf5 1/2-1/2

[Event "4NCL Division 1 & 2"]
[Site "Milton Keynes, ENG"]
[Date "2021.11.28"]
[Round "2.76"]
[White "Hansen, Hans-Peter"]
[Black "Stimpson, Philip M"]
[Result "1-0"]
[WhiteElo "2156"]
[BlackElo "1958"]
[PlyCount "61"]
[EventDate "2021.11.28"]
[WhiteTeam "Oxford 1"]
[BlackTeam "Guildford Castles"]

1. Nf3 d5 2. c4 c6 3. g3 Nf6 4. Bg2 g6 5. b3 Bg7 6. Bb2 O-O 7. O-O dxc4 8. bxc4
Qa5 9. d4 Qh5 10. Qb3 Nbd7 11. Nbd2 Re8 12. h3 Nf8 13. g4 Qa5 14. Bc3 Qc7 15.
Rab1 Ne6 16. e3 b6 17. a4 h5 18. Ne5 hxg4 19. hxg4 Bd7 20. f4 Rab8 21. Bf3 Nh7
22. Qc2 Bxe5 23. dxe5 Nc5 24. Kg2 Qc8 25. Kg3 Qa6 26. Ra1 Red8 27. Rh1 Be6 28.
Bd4 Kg7 29. f5 Ng5 30. Bxc5 Rxd2 31. Bxe7 1-0

[Event "4NCL Division 1 & 2"]
[Site "Milton Keynes, ENG"]
[Date "2021.11.28"]
[Round "2.77"]
[White "Golding, William"]
[Black "Idle, Oscar"]
[Result "0-1"]
[WhiteElo "1900"]
[BlackElo "1996"]
[PlyCount "94"]
[EventDate "2021.11.28"]
[WhiteTeam "Guildford Castles"]
[BlackTeam "Oxford 1"]

1. d4 d5 2. Bf4 c5 3. c3 Nc6 4. e3 Bf5 5. Bd3 Bxd3 6. Qxd3 Qb6 7. Nd2 e6 8.
dxc5 Bxc5 9. Nb3 Be7 10. Nf3 Nf6 11. O-O O-O 12. h3 Rac8 13. Rfd1 Rfd8 14. Qe2
Ne4 15. Nfd2 Nxd2 16. Rxd2 Bf6 17. Bg3 a5 18. Nd4 a4 19. Nxc6 Qxc6 20. a3 Qc4
21. Qxc4 Rxc4 22. Rad1 Rcc8 23. f3 Kf8 24. e4 dxe4 25. Rxd8+ Rxd8 26. Rxd8+
Bxd8 27. fxe4 Bg5 28. c4 Be3+ 29. Bf2 Bxf2+ 30. Kxf2 Ke7 31. Ke3 Kd6 32. Kd4
e5+ 33. Kd3 g6 34. g4 Ke6 35. g5 f5 36. gxf6 g5 37. c5 h5 38. Ke3 g4 39. hxg4
hxg4 40. f7 Kxf7 41. Kf2 Kf6 42. Kg2 Kg5 43. Kg3 Kh5 44. Kg2 Kh4 45. Kh2 g3+
46. Kg2 Kg4 47. Kg1 Kf3 0-1

[Event "4NCL Division 1 & 2"]
[Site "Milton Keynes, ENG"]
[Date "2021.11.28"]
[Round "2.78"]
[White "Zakarian, Dimitrios Levon"]
[Black "Mellor, Jessica"]
[Result "0-1"]
[WhiteElo "1921"]
[BlackElo "1892"]
[PlyCount "48"]
[EventDate "2021.11.28"]
[WhiteTeam "Oxford 1"]
[BlackTeam "Guildford Castles"]

1. d4 Nf6 2. Nf3 g6 3. c4 Bg7 4. g3 O-O 5. Bg2 d5 6. cxd5 Nxd5 7. O-O b6 8. e4
Nf6 9. e5 Nd5 10. Nc3 Bb7 11. Qb3 e6 12. Bg5 Qd7 13. Nd2 Na6 14. Nde4 c5 15.
Nxd5 Bxd5 16. Qa3 Nb4 17. Nf6+ Bxf6 18. Bxf6 Nc2 19. Qd3 Nxd4 20. Qe3 Bxg2 21.
Kxg2 Qd5+ 22. f3 Nf5 23. Qc1 Rfd8 24. Rd1 Qxd1 0-1

[Event "4NCL Division 1 & 2"]
[Site "Milton Keynes, ENG"]
[Date "2021.11.28"]
[Round "2.81"]
[White "Kanyamarala, Tarun"]
[Black "Gallana, Marco"]
[Result "1-0"]
[WhiteElo "2321"]
[BlackElo "2278"]
[PlyCount "81"]
[EventDate "2021.11.28"]
[WhiteTeam "Gonzaga"]
[BlackTeam "Celtic Tigers 1"]

1. d4 Nf6 2. c4 g6 3. Nc3 d5 4. cxd5 Nxd5 5. e4 Nxc3 6. bxc3 Bg7 7. Nf3 c5 8.
h3 O-O 9. Be2 Nd7 10. Be3 Qa5 11. Bd2 e5 12. c4 Qc7 13. d5 f5 14. exf5 gxf5 15.
O-O e4 16. Ng5 Nf6 17. h4 f4 18. Qc2 Bf5 19. Bf3 Qe5 20. Rae1 exf3 21. Qc1 Qd6
22. Bxf4 Qd7 23. Nxf3 Ng4 24. Qa3 b6 25. h5 Rae8 26. Nh4 Rxe1 27. Rxe1 Bd4 28.
Bg3 Qf7 29. Nf3 Bg7 30. d6 Qxc4 31. Qxa7 Qd5 32. Qxb6 Be4 33. d7 Bxf3 34. Bd6
Qd2 35. Rf1 Bd4 36. Qb3+ c4 37. Qxf3 Rxf3 38. d8=Q+ Kg7 39. gxf3 Bxf2+ 40. Kh1
Kf7 41. Qe7+ 1-0

[Event "4NCL Division 1 & 2"]
[Site "Milton Keynes, ENG"]
[Date "2021.11.28"]
[Round "2.82"]
[White "Zulfic, Fedja"]
[Black "Wall, Gavin"]
[Result "1-0"]
[WhiteElo "2232"]
[BlackElo "2325"]
[PlyCount "55"]
[EventDate "2021.11.28"]
[WhiteTeam "Celtic Tigers 1"]
[BlackTeam "Gonzaga"]

1. d4 f5 2. e4 fxe4 3. Nc3 Nf6 4. Bg5 Nc6 5. d5 Ne5 6. Qe2 c6 7. O-O-O Nxd5 8.
Nxd5 Nf7 9. Nf4 Nxg5 10. Qh5+ Nf7 11. Bc4 g6 12. Bxf7+ Kxf7 13. Nxg6 hxg6 14.
Qxh8 Qa5 15. Nh3 Bg7 16. Qh4 Qxa2 17. Ng5+ Kf8 18. c3 d6 19. Qf4+ Kg8 20. g4
Qc4 21. Rhe1 e5 22. Qg3 d5 23. Qh4 d4 24. Rxe4 Be6 25. Qh7+ Kf8 26. Qxg6 Bd5
27. Rdxd4 Bxe4 28. Qd6+ 1-0

[Event "4NCL Division 1 & 2"]
[Site "Milton Keynes, ENG"]
[Date "2021.11.28"]
[Round "2.83"]
[White "Delaney, Killian"]
[Black "Kouis, Marios"]
[Result "1-0"]
[WhiteElo "2300"]
[BlackElo "2185"]
[PlyCount "69"]
[EventDate "2021.11.28"]
[WhiteTeam "Gonzaga"]
[BlackTeam "Celtic Tigers 1"]

1. e4 c5 2. c3 Nf6 3. e5 Nd5 4. Bc4 Nb6 5. Bb3 Nc6 6. Nf3 d6 7. exd6 Qxd6 8.
O-O Bf5 9. d4 e6 10. Na3 Be7 11. Be3 cxd4 12. Nb5 Qd8 13. Nfxd4 Bg6 14. Qf3
Nxd4 15. Bxd4 O-O 16. Rfd1 Nd5 17. c4 Qa5 18. Nxa7 Nf6 19. Qxb7 Be4 20. Qxe7
Qg5 21. f3 Bxf3 22. g3 Qh6 23. Rd3 Be4 24. Re3 Rfe8 25. Qb4 Ng4 26. Re2 Rad8
27. Qd2 Qg6 28. Ba4 e5 29. Bxe8 Rxd4 30. Qe1 Qb6 31. Nc8 Qc5 32. b4 Qxc4 33.
Rc1 Qd3 34. Rc3 Qa6 35. Rxe4 1-0

[Event "4NCL Division 1 & 2"]
[Site "Milton Keynes, ENG"]
[Date "2021.11.28"]
[Round "2.84"]
[White "Skulte, Christopher"]
[Black "McPhillips, Karl"]
[Result "1-0"]
[WhiteElo "2136"]
[BlackElo "2240"]
[PlyCount "129"]
[EventDate "2021.11.28"]
[WhiteTeam "Celtic Tigers 1"]
[BlackTeam "Gonzaga"]

1. e4 c5 2. Nf3 Nc6 3. Nc3 g6 4. d4 cxd4 5. Nxd4 Bg7 6. Be3 Nf6 7. Nxc6 bxc6 8.
e5 Ng8 9. Bd4 f6 10. f4 Qc7 11. exf6 Nxf6 12. f5 gxf5 13. Bxf6 Bxf6 14. Qh5+
Kd8 15. Qxf5 Qe5+ 16. Qxe5 Bxe5 17. O-O-O Rb8 18. Rd3 d6 19. h3 Kc7 20. Rf3 Be6
21. Be2 h5 22. g3 Kd7 23. b3 Rbg8 24. Ne4 Bd5 25. Bd3 Bxe4 26. Bxe4 Bxg3 27.
Rf5 Rg7 28. Rhf1 d5 29. Bf3 h4 30. Bg4 Kd6 31. c4 Rh6 32. Rf8 e5 33. Rd8+ Kc5
34. cxd5 cxd5 35. Kb2 Bf4 36. b4+ Kc6 37. Rf2 d4 38. Rc2+ Kb6 39. a4 e4 40. a5+
Kb5 41. Rxd4 Rxg4 42. hxg4 h3 43. Rc5+ Ka6 44. Rd1 h2 45. Rh1 e3 46. Rc2 Rh3
47. Re2 Kb5 48. Kc3 Rh7 49. Kd4 Kxb4 50. Ke4 Bg3 51. Kxe3 Kxa5 52. Rb2 Re7+ 53.
Kd3 Rd7+ 54. Kc4 Rc7+ 55. Kd5 Rd7+ 56. Ke4 Re7+ 57. Kf3 Re1 58. Rxe1 Bxe1 59.
Rxh2 Kb4 60. Ke2 Bc3 61. g5 a5 62. Kd3 Be5 63. Rh7 Kb3 64. Rb7+ Ka3 65. Rb5 1-0

[Event "4NCL Division 1 & 2"]
[Site "Milton Keynes, ENG"]
[Date "2021.11.28"]
[Round "2.85"]
[White "Kanyamarala, Trisha"]
[Black "Stevenson, James"]
[Result "1-0"]
[WhiteElo "2089"]
[BlackElo "2114"]
[PlyCount "71"]
[EventDate "2021.11.28"]
[WhiteTeam "Gonzaga"]
[BlackTeam "Celtic Tigers 1"]

1. d4 Nf6 2. c4 g6 3. Nc3 d5 4. cxd5 Nxd5 5. e4 Nxc3 6. bxc3 Bg7 7. Nf3 c5 8.
Be3 Nc6 9. Rb1 Qa5 10. Qd2 O-O 11. Rb5 Qa3 12. Rxc5 Bg4 13. Qc2 Bxf3 14. gxf3
Nxd4 15. cxd4 Qb4+ 16. Qd2 Qb6 17. Bh3 Qf6 18. Qe2 b6 19. Rc1 Rfd8 20. e5 Qh4
21. Bg2 Rd7 22. f4 Rad8 23. O-O e6 24. Rfd1 Bh6 25. Qf3 Qe7 26. Rd3 Bg7 27.
Rdc3 b5 28. Rc8 h5 29. Qa8 Kh7 30. Rxd8 Rxd8 31. Qb7 Rd7 32. Qxb5 h4 33. h3 Bh6
34. Qc6 Qd8 35. Qa6 Qb8 36. Qc8 1-0

[Event "4NCL Division 1 & 2"]
[Site "Milton Keynes, ENG"]
[Date "2021.11.28"]
[Round "2.86"]
[White "Quinn, John M"]
[Black "Carroll, Peter"]
[Result "1-0"]
[WhiteElo "2193"]
[BlackElo "2132"]
[PlyCount "63"]
[EventDate "2021.11.28"]
[WhiteTeam "Celtic Tigers 1"]
[BlackTeam "Gonzaga"]

1. d4 Nf6 2. c4 e6 3. Nc3 Bb4 4. Qc2 O-O 5. Nf3 c5 6. dxc5 Na6 7. g3 Nxc5 8.
Bg2 Nce4 9. O-O Nxc3 10. bxc3 Be7 11. e4 d6 12. e5 dxe5 13. Nxe5 Qc7 14. Qe2
Bd6 15. Bf4 Ne8 16. Rab1 Rb8 17. Rfd1 f6 18. Nd3 Qxc4 19. Qe3 Bxf4 20. Nxf4 Nc7
21. Rb4 Qxa2 22. Qc5 Na6 23. Qe7 Qa5 24. Nxe6 Bxe6 25. Qxe6+ Kh8 26. Rh4 Rbe8
27. Qh3 Rd8 28. Rxh7+ Kg8 29. Rh8+ Kf7 30. Rd7+ Kg6 31. Rxg7+ Kxg7 32. Qh7# 1-0

[Event "4NCL Division 1 & 2"]
[Site "Milton Keynes, ENG"]
[Date "2021.11.28"]
[Round "2.87"]
[White "Freeman, Gordon"]
[Black "Franco, Gaston"]
[Result "1-0"]
[WhiteElo "2102"]
[BlackElo "2043"]
[PlyCount "43"]
[EventDate "2021.11.28"]
[WhiteTeam "Gonzaga"]
[BlackTeam "Celtic Tigers 1"]

1. d4 d5 2. Nf3 Nf6 3. c4 e6 4. g3 Be7 5. Bg2 O-O 6. O-O dxc4 7. Qc2 b6 8. Bg5
Bb7 9. Bxf6 Bxf6 10. Ng5 Bxg5 11. Bxb7 Nd7 12. Bxa8 Qxa8 13. Qxc4 c5 14. Nc3
cxd4 15. Qxd4 Rd8 16. Rad1 a6 17. Qa4 Qb7 18. Rd3 b5 19. Qe4 Qc8 20. Rfd1 Nc5
21. Rxd8+ Bxd8 22. Qc6 1-0

[Event "4NCL Division 1 & 2"]
[Site "Milton Keynes, ENG"]
[Date "2021.11.28"]
[Round "2.88"]
[White "Burton, Abigail"]
[Black "Murray, David"]
[Result "0-1"]
[WhiteElo "1700"]
[BlackElo "2124"]
[PlyCount "84"]
[EventDate "2021.11.28"]
[WhiteTeam "Celtic Tigers 1"]
[BlackTeam "Gonzaga"]

1. c4 f5 2. Nc3 Nf6 3. d3 g6 4. Nf3 Bg7 5. g3 O-O 6. Bg2 d6 7. Bg5 h6 8. Bd2 e5
9. Qc2 Nc6 10. a3 Be6 11. O-O Qd7 12. e3 d5 13. cxd5 Nxd5 14. Nxd5 Bxd5 15. e4
Be6 16. b4 g5 17. Bc3 f4 18. b5 Nd4 19. Nxd4 exd4 20. Bb4 Rf7 21. a4 f3 22. Bh1
Bf8 23. Bd2 Kg7 24. Qc1 Be7 25. Qd1 g4 26. Rc1 Bg5 27. Rc5 Kg6 28. Qc1 Qe7 29.
Re5 Bxd2 30. Qxd2 Qd6 31. Rxe6+ Qxe6 32. Qb2 Rd7 33. Rc1 a6 34. Rc4 Qb6 35. h3
axb5 36. axb5 h5 37. Rb4 Qa5 38. hxg4 hxg4 39. Bxf3 gxf3 40. g4 Rh7 41. Qb3
Qa1+ 42. Qb1 Rah8 0-1

[Event "4NCL Division 1 & 2"]
[Site "Milton Keynes, ENG"]
[Date "2021.11.28"]
[Round "2.91"]
[White "Weller, Jean-Luc"]
[Black "Walker, Martin G"]
[Result "1/2-1/2"]
[WhiteElo "2235"]
[BlackElo "2293"]
[PlyCount "103"]
[EventDate "2021.11.28"]
[WhiteTeam "Chessable White Rose 2"]
[BlackTeam "Anglian Avengers"]

1. d4 Nf6 2. c4 g6 3. Nc3 d5 4. cxd5 Nxd5 5. Bd2 Bg7 6. e4 Nxc3 7. Bxc3 O-O 8.
h3 c5 9. d5 Bxc3+ 10. bxc3 e6 11. dxe6 Bxe6 12. Qc2 Nc6 13. Nf3 f5 14. Rd1 Qf6
15. exf5 Bxf5 16. Bd3 Rae8+ 17. Kf1 Bxd3+ 18. Rxd3 Re4 19. h4 Qe6 20. h5 Ne5
21. Nxe5 Qxe5 22. Rd1 Re8 23. g3 Re1+ 24. Rxe1 Qxe1+ 25. Kg2 Qe4+ 26. Qxe4 Rxe4
27. Rd1 gxh5 28. Rd7 b6 29. Rxa7 Rc4 30. Rb7 Rxc3 31. Rxb6 Kg7 32. Rc6 c4 33.
a4 Rc1 34. a5 c3 35. a6 c2 36. a7 Ra1 37. Rxc2 Rxa7 38. Kh3 Ra5 39. Kh4 Rf5 40.
f4 Kg6 41. Rc6+ Kg7 42. Re6 Rb5 43. Kh3 Rf5 44. Re4 Rb5 45. Re3 Ra5 46. Kg2 Kf6
47. Kf3 Kf5 48. Re7 Ra3+ 49. Kg2 Kg6 50. Re5 Ra2+ 51. Kh3 h6 52. Rd5 1/2-1/2

[Event "4NCL Division 1 & 2"]
[Site "Milton Keynes, ENG"]
[Date "2021.11.28"]
[Round "2.92"]
[White "Lewis, Andrew P"]
[Black "Shaw, Peter"]
[Result "1/2-1/2"]
[WhiteElo "2252"]
[BlackElo "2078"]
[PlyCount "23"]
[EventDate "2021.11.28"]
[WhiteTeam "Anglian Avengers"]
[BlackTeam "Chessable White Rose 2"]

1. c4 f5 2. Nf3 Nf6 3. g3 e6 4. Bg2 Be7 5. O-O O-O 6. d4 d6 7. Nc3 Ne4 8. Qc2
Nxc3 9. bxc3 Nc6 10. d5 Na5 11. dxe6 c5 12. e4 1/2-1/2

[Event "4NCL Division 1 & 2"]
[Site "Milton Keynes, ENG"]
[Date "2021.11.28"]
[Round "2.93"]
[White "Li, Harry"]
[Black "Kanellopoulos, Panayotis"]
[Result "1/2-1/2"]
[WhiteElo "2072"]
[BlackElo "2265"]
[PlyCount "90"]
[EventDate "2021.11.28"]
[WhiteTeam "Chessable White Rose 2"]
[BlackTeam "Anglian Avengers"]

1. e4 c5 2. Nf3 d6 3. d4 cxd4 4. Nxd4 Nf6 5. Nc3 a6 6. Bg5 e6 7. f4 Qc7 8. Qe2
Be7 9. O-O-O Nbd7 10. g4 b5 11. a3 Bb7 12. Kb1 Nb6 13. Bxf6 gxf6 14. f5 e5 15.
Nb3 Rc8 16. Qd2 Na4 17. Nd5 Bxd5 18. exd5 Bf8 19. Bd3 h5 20. gxh5 Rxh5 21. h4
Rh8 22. Qe2 Kd8 23. Rdg1 Bh6 24. Rg4 Nb6 25. Qe4 Nc4 26. Bxc4 bxc4 27. Nc1 Bxc1
28. Kxc1 Qa5 29. c3 Ke7 30. h5 Qb5 31. h6 Rb8 32. Qg2 Qc5 33. Rh3 Rh7 34. Rg7
Rbh8 35. Rxh7 Rxh7 36. Kb1 Qc8 37. Qg4 Kf8 38. Rg3 Ke7 39. Rh3 Kf8 40. Ka1 Qc5
41. Rg3 Qxd5 42. Qg8+ Ke7 43. Qxh7 Qd1+ 44. Ka2 Qb3+ 45. Ka1 Qd1+ 1/2-1/2

[Event "4NCL Division 1 & 2"]
[Site "Milton Keynes, ENG"]
[Date "2021.11.28"]
[Round "2.94"]
[White "Maycock Bates, David Henry"]
[Black "Heritage, Jamie"]
[Result "0-1"]
[WhiteElo "2175"]
[BlackElo "2050"]
[PlyCount "111"]
[EventDate "2021.11.28"]
[WhiteTeam "Anglian Avengers"]
[BlackTeam "Chessable White Rose 2"]

1. e4 e5 2. Nf3 Nc6 3. Bb5 a6 4. Ba4 Nf6 5. O-O Nxe4 6. d4 b5 7. Bb3 d5 8. dxe5
Be6 9. Nbd2 Nc5 10. c3 Nxb3 11. Nxb3 Be7 12. Be3 Bg4 13. Bd4 O-O 14. Re1 Re8
15. Qd2 Bxf3 16. gxf3 Bg5 17. f4 Bh6 18. Kh1 Qh4 19. Be3 Ne7 20. Nd4 c5 21. Ne2
Qg4 22. Ng3 Qf3+ 23. Kg1 Ng6 24. Qe2 Nh4 25. Qf1 d4 26. cxd4 cxd4 27. Bc1 Qc6
28. Re4 f5 29. Re2 d3 30. Re3 d2 31. Bxd2 Nf3+ 32. Rxf3 Qxf3 33. Qg2 Qxg2+ 34.
Kxg2 g6 35. a4 Reb8 36. b4 a5 37. axb5 a4 38. Ne2 Rxb5 39. Ra3 Bf8 40. Nd4 Rd5
41. Nf3 h6 42. Kf1 Rb5 43. Nd4 Rd5 44. Nf3 Kf7 45. Ke2 Ke6 46. Bc3 Kd7 47. Ke3
Rd1 48. Bd2 Rb1 49. Rd3+ Ke8 50. Nd4 Bxb4 51. Ne6 Bxd2+ 52. Rxd2 Ra7 53. Rc2 a3
54. Nc7+ Rxc7 55. Rxc7 a2 56. Kd4 0-1

[Event "4NCL Division 1 & 2"]
[Site "Milton Keynes, ENG"]
[Date "2021.11.28"]
[Round "2.95"]
[White "Walton, Alan J"]
[Black "Talsma, Paul"]
[Result "1/2-1/2"]
[WhiteElo "2120"]
[BlackElo "2178"]
[PlyCount "49"]
[EventDate "2021.11.28"]
[WhiteTeam "Chessable White Rose 2"]
[BlackTeam "Anglian Avengers"]

1. d4 Nf6 2. Bg5 Ne4 3. Bf4 d5 4. e3 c5 5. Bd3 cxd4 6. Bxe4 dxe4 7. Qxd4 Nc6 8.
Qxd8+ Nxd8 9. Nc3 f6 10. O-O-O e5 11. Bg3 Bf5 12. h3 Rc8 13. Nge2 Ne6 14. Bh2
Nc5 15. Kb1 Rc6 16. Rd2 Be7 17. Rhd1 a6 18. Nd5 Bd8 19. Nec3 O-O 20. a3 b5 21.
g4 Bg6 22. Nf4 exf4 23. Rxd8 fxe3 24. fxe3 Rc8 25. Rxf8+ 1/2-1/2

[Event "4NCL Division 1 & 2"]
[Site "Milton Keynes, ENG"]
[Date "2021.11.28"]
[Round "2.96"]
[White "Scott, Gordon W"]
[Black "Clarke, Connor"]
[Result "1/2-1/2"]
[WhiteElo "2237"]
[BlackElo "2030"]
[PlyCount "29"]
[EventDate "2021.11.28"]
[WhiteTeam "Anglian Avengers"]
[BlackTeam "Chessable White Rose 2"]

1. d4 d5 2. c4 dxc4 3. Nf3 Nf6 4. Qa4+ Nc6 5. g3 Nd5 6. Qxc4 Bf5 7. Bg2 Nb6 8.
Qb3 e6 9. O-O Be7 10. Nc3 O-O 11. e3 Bd3 12. Re1 Nb4 13. Qd1 Bc2 14. Qe2 Bd3
15. Qc2 1/2-1/2

[Event "4NCL Division 1 & 2"]
[Site "Milton Keynes, ENG"]
[Date "2021.11.28"]
[Round "2.97"]
[White "Burnett, Jim"]
[Black "Peck, Silas"]
[Result "1/2-1/2"]
[WhiteElo "2037"]
[BlackElo "2080"]
[PlyCount "47"]
[EventDate "2021.11.28"]
[WhiteTeam "Chessable White Rose 2"]
[BlackTeam "Anglian Avengers"]

1. d4 d5 2. c4 e6 3. Nc3 Nf6 4. Bg5 Be7 5. e3 O-O 6. Nf3 Nbd7 7. Rc1 c6 8. Bd3
dxc4 9. Bxc4 Nd5 10. Bxe7 Qxe7 11. Ne4 e5 12. dxe5 Nxe5 13. Bxd5 cxd5 14. Qxd5
Qb4+ 15. Nfd2 Qxb2 16. Rb1 Be6 17. Rxb2 Bxd5 18. O-O Rfd8 19. Nc3 Bc6 20. Nb3
b6 21. Nd4 Bb7 22. Rd1 Ba6 23. h3 h6 24. Kh2 1/2-1/2

[Event "4NCL Division 1 & 2"]
[Site "Milton Keynes, ENG"]
[Date "2021.11.28"]
[Round "2.98"]
[White "Mullaparthi, Ganesh"]
[Black "Arnott, Jonathan W"]
[Result "0-1"]
[WhiteElo "1964"]
[BlackElo "2125"]
[PlyCount "52"]
[EventDate "2021.11.28"]
[WhiteTeam "Anglian Avengers"]
[BlackTeam "Chessable White Rose 2"]

1. e4 e6 2. d4 d5 3. Nc3 Nf6 4. e5 Nfd7 5. f4 c5 6. Nf3 Nc6 7. Be3 a6 8. Qd2 b5
9. a3 cxd4 10. Nxd4 Nxd4 11. Bxd4 Bc5 12. Be2 Qb6 13. O-O-O Bb7 14. Bxc5 Qxc5
15. Bf3 Rc8 16. Ne4 dxe4 17. Qxd7+ Kf8 18. c3 Bd5 19. Rxd5 exd5 20. Bg4 Re8 21.
Qf5 Re6 22. Qg5 h6 23. Qh4 Re7 24. Bh3 Qe3+ 25. Kb1 g5 26. Re1 Qd3+ 0-1

[Event "4NCL Division 1 & 2"]
[Site "Milton Keynes, ENG"]
[Date "2021.11.28"]
[Round "2.101"]
[White "Pitcher, John"]
[Black "Richardson, John R"]
[Result "0-1"]
[WhiteElo "2268"]
[BlackElo "2261"]
[PlyCount "90"]
[EventDate "2021.11.28"]
[WhiteTeam "Warwickshire Select 1"]
[BlackTeam "The ADs"]

1. e4 c6 2. d3 d5 3. Nd2 e5 4. Ngf3 Bd6 5. g3 Nf6 6. Bg2 O-O 7. O-O Nbd7 8. a4
a5 9. Re1 Re8 10. h3 b6 11. Nh4 g6 12. Nf1 Bb7 13. Bg5 Bf8 14. Qd2 Bg7 15. Bh6
dxe4 16. dxe4 Nc5 17. Bxg7 Kxg7 18. b3 Ne6 19. Nf3 Qc7 20. Qc3 Nc5 21. N3d2
Rad8 22. Nc4 Ba6 23. Nxa5 Rd4 24. b4 Ncxe4 25. Qxc6 Qb8 26. b5 Bc8 27. Nb3 Rd6
28. Qc4 Ng5 29. Kh2 Bb7 30. Nfd2 Bxg2 31. Kxg2 Red8 32. Qe2 Qb7+ 33. Nf3 Nfe4
34. h4 Rd2 35. Nbxd2 Rxd2 36. hxg5 Rxe2 37. Rxe2 Nxg5 38. Ra3 f6 39. Rc3 Nxf3
40. Rxf3 g5 41. g4 h5 42. Kg3 h4+ 43. Kg2 f5 44. Rxe5 h3+ 45. Kg3 f4+ 0-1

[Event "4NCL Division 1 & 2"]
[Site "Milton Keynes, ENG"]
[Date "2021.11.28"]
[Round "2.102"]
[White "Baker, Chris W"]
[Black "Mason, Donald J"]
[Result "1-0"]
[WhiteElo "2227"]
[BlackElo "2166"]
[PlyCount "65"]
[EventDate "2021.11.28"]
[WhiteTeam "The ADs"]
[BlackTeam "Warwickshire Select 1"]

1. d4 Nf6 2. Nf3 g6 3. g3 Bg7 4. Bg2 d5 5. O-O O-O 6. b3 c5 7. Bb2 Ne4 8. Qc1
cxd4 9. Bxd4 Bxd4 10. Nxd4 Qb6 11. Qb2 e5 12. Nf3 f6 13. Nfd2 Ng5 14. Bxd5+ Be6
15. Nc3 Rd8 16. Bxe6+ Qxe6 17. Nde4 Nxe4 18. Nxe4 Rd4 19. Nc5 Qb6 20. c3 Rd6
21. b4 Na6 22. Ne4 Rd7 23. Rad1 Rad8 24. Qb3+ Kg7 25. Rxd7+ Rxd7 26. Rd1 Rxd1+
27. Qxd1 Qc6 28. Qd3 b5 29. a4 bxa4 30. b5 Qc8 31. Qd6 f5 32. Qe7+ Kh6 33. Nf6
1-0

[Event "4NCL Division 1 & 2"]
[Site "Milton Keynes, ENG"]
[Date "2021.11.28"]
[Round "2.103"]
[White "Bowcott-Terry, Finlay"]
[Black "Snape, Ian L"]
[Result "1/2-1/2"]
[WhiteElo "2223"]
[BlackElo "2201"]
[PlyCount "59"]
[EventDate "2021.11.28"]
[WhiteTeam "Warwickshire Select 1"]
[BlackTeam "The ADs"]

1. e4 c5 2. Nf3 d6 3. d4 cxd4 4. Qxd4 Nc6 5. Bb5 Bd7 6. Bxc6 Bxc6 7. Nc3 Nf6 8.
Bg5 e6 9. O-O-O Be7 10. Bxf6 Bxf6 11. Qxd6 Qxd6 12. Rxd6 Bxc3 13. bxc3 Bxe4 14.
Ne5 Rc8 15. Rd4 Bc6 16. Rhd1 O-O 17. g3 b5 18. Nxc6 Rxc6 19. Rd7 Rxc3 20. Rxa7
Rfc8 21. Rd2 h5 22. Kd1 g5 23. a4 bxa4 24. Rxa4 Kg7 25. h4 g4 26. Ra5 R8c5 27.
Rxc5 Rxc5 28. Rd4 e5 29. Rd6 Rc3 30. Rd5 1/2-1/2

[Event "4NCL Division 1 & 2"]
[Site "Milton Keynes, ENG"]
[Date "2021.11.28"]
[Round "2.104"]
[White "Bradbury, Neil H"]
[Black "Brooks, Phil J"]
[Result "1-0"]
[WhiteElo "2224"]
[BlackElo "2175"]
[PlyCount "43"]
[EventDate "2021.11.28"]
[WhiteTeam "The ADs"]
[BlackTeam "Warwickshire Select 1"]

1. d4 e6 2. c4 Nf6 3. Nf3 d5 4. g3 Bb4+ 5. Bd2 Be7 6. Bg2 Nbd7 7. O-O c6 8. b3
O-O 9. Nc3 b6 10. Bf4 Ba6 11. Qc2 Rc8 12. e4 dxc4 13. Rfd1 Bb4 14. Nd2 b5 15.
bxc4 bxc4 16. a3 Ba5 17. Na4 c5 18. dxc5 Nxc5 19. Nxc5 Rxc5 20. Nb3 Qc8 21.
Nxc5 Qxc5 22. Bd6 1-0

[Event "4NCL Division 1 & 2"]
[Site "Milton Keynes, ENG"]
[Date "2021.11.28"]
[Round "2.105"]
[White "Paterson, Andrew I"]
[Black "Ahluwalia, Amardip"]
[Result "0-1"]
[WhiteElo "2184"]
[BlackElo "2238"]
[PlyCount "82"]
[EventDate "2021.11.28"]
[WhiteTeam "Warwickshire Select 1"]
[BlackTeam "The ADs"]

1. e4 e5 2. Nf3 Nc6 3. Bb5 a6 4. Ba4 Nf6 5. d3 b5 6. Bb3 Bc5 7. c3 d6 8. Bg5 h6
9. Bh4 g5 10. Bg3 Bb6 11. O-O O-O 12. Nbd2 Be6 13. Re1 Re8 14. Nf1 Bxb3 15.
Qxb3 Ne7 16. a4 Rb8 17. axb5 axb5 18. Qc2 Ng6 19. Ne3 Bxe3 20. fxe3 Qd7 21. b4
Qc6 22. Nd2 Ra8 23. Ra5 d5 24. exd5 Nxd5 25. Rxa8 Rxa8 26. Qb3 Nxc3 27. Rf1 Nd5
28. Ne4 Rd8 29. h3 Kg7 30. Nc5 Rf8 31. Bf2 Nf6 32. Kh2 Qd5 33. Qb2 Ra8 34. e4
Qa2 35. Qc3 Ra3 36. Qc1 Nf4 37. d4 exd4 38. e5 N6h5 39. e6 Rg3 40. Bxd4+ f6 41.
Bxf6+ Nxf6 0-1